header

Lottie Moon (Record no. 69886)

MARC details
000 -LEADER
fixed length control field 01962nam a2200421 a 4500
082 04 - DEWEY DECIMAL CLASSIFICATION NUMBER
Classification number 266/.02373051092
-- B
100 1# - MAIN ENTRY--AUTHOR NAME
Personal name Sullivan, Regina D.,
245 10 - TITLE STATEMENT
Title Lottie Moon
260 ## - PUBLICATION, DISTRIBUTION, ETC. (IMPRINT)
Place of publication Baton Rouge :
Name of publisher Louisiana State University Press,
Year of publication c2011.
300 ## - PHYSICAL DESCRIPTION
Number of Pages xii, 253 p. :
Other physical details ill., map.
505 0# - FORMATTED CONTENTS NOTE
Formatted contents note "A girl of the Old South" : 1840-1873 -- "Responsible to God and not to man" : 1873-1885 -- The "disorderly" walk : 1886-1891 -- Creating a female public : 1889-1899 -- Creating the "Lottie Moon story" : 1900-1912 and beyond.
650 #0 - SUBJECT ADDED ENTRY--TOPICAL TERM
Topical Term Missionaries
Topical Term Women missionaries
Topical Term Missionaries
Topical Term Women missionaries
Topical Term Women in missionary work
856 40 - ELECTRONIC LOCATION AND ACCESS
Uniform Resource Identifier http://site.ebrary.com/lib/rucke/Doc?id=10662202

No items available.

© 2026 Rongo University
Contact us: librarian | system librarian | Rongo university